00749nam a22001697a 4500003000900000008004100009040007100050082001700121100003600138245005700174260004400231300004800275505018900323650001600512650003400528650001700562AR-CdUCM190515b ||||| |||| 00| 0 spa d aMUNICIPALIDAD PROVINCIAL DEL CUSCOcBIBLIOTECA MUNICIPAL DEL CUSCO a910.9 /bR27 aRávago Bustamante, Enrique de aViajes y estudios en la historia de la geografía / aLima :bEdit. Peruanos Rávago,c1961. a241 páginas ;bMapas, imágenes,c23 cm. aContenido: Los conocimientos geográficos en el mundo antiguo y en la edad media -- Los grandes descubrimientos geográficos en las postrimerias de la edad media y el renacimiento... aGeografía aDescubrimientos geográficos aCronología